| 000 | 00708nam a2200217Ia 4500 | ||
|---|---|---|---|
| 003 | OSt | ||
| 005 | 20250225095339.0 | ||
| 008 | 210210b2001 xxu||||| |||| 00| 0 eng d | ||
| 020 | _a81 7302 457 X | ||
| 040 | _cAL | ||
| 041 | _aKannada | ||
| 082 | _aK894.9 NAYR | ||
| 100 |
_aNAYAKA (Ha Ma) and PRADHAN GURUDATTA, Ed. _9133038 _dಹಾಮಾ ನಾಯಕ ಮತ್ತು ಗುರುದತ್ತ ಪ್ರಧಾನ್. |
||
| 245 |
_aRam Shri Mugali. _b ರಂ ಶ್ರೀ ಮುಗಳಿ |
||
| 260 |
_aBengaluru _bNavakarnataka Prakashana _c2001 |
||
| 300 | _a112 | ||
| 650 |
_aKendra Sahitya Akademi Prashasti _9133039 |
||
| 690 |
_aKannada Criticism _9133040 |
||
| 906 | _a056228 | ||
| 942 |
_2ddc _cBK |
||
| 999 |
_c103960 _d103960 |
||